<?xml version="1.0" encoding="UTF-8"?>
<record
    xmlns:xsi="http://www.w3.org/2001/XMLSchema-instance"
    xsi:schemaLocation="http://www.loc.gov/MARC21/slim http://www.loc.gov/standards/marcxml/schema/MARC21slim.xsd"
    xmlns="http://www.loc.gov/MARC21/slim">

  <leader>01195nam a22002777a 4500</leader>
  <controlfield tag="005">2010101908158.0</controlfield>
  <controlfield tag="008">101019t        xxu||||| |||| 00| 0 hin d</controlfield>
  <datafield tag="010" ind1=" " ind2=" ">
    <subfield code="a">HIN-95187</subfield>
  </datafield>
  <datafield tag="020" ind1=" " ind2=" ">
    <subfield code="c">225.00</subfield>
    <subfield code="a">9788170289364</subfield>
  </datafield>
  <datafield tag="035" ind1=" " ind2=" ">
    <subfield code="a">HN-67533</subfield>
  </datafield>
  <datafield tag="037" ind1=" " ind2=" ">
    <subfield code="b">DBAD / PUB</subfield>
  </datafield>
  <datafield tag="040" ind1=" " ind2=" ">
    <subfield code="a">DPL</subfield>
    <subfield code="b">HN</subfield>
  </datafield>
  <datafield tag="082" ind1=" " ind2=" ">
    <subfield code="a">520</subfield>
  </datafield>
  <datafield tag="100" ind1=" " ind2=" ">
    <subfield code="9">23632</subfield>
    <subfield code="a">&#x915;&#x93E;&#x932;&#x940; &#x936;&#x902;&#x915;&#x930; </subfield>
  </datafield>
  <datafield tag="245" ind1=" " ind2=" ">
    <subfield code="a">&#x905;&#x928;&#x94D;&#x924;&#x930;&#x93E;&#x937;&#x94D;&#x91F;&#x94D;&#x930;&#x940;&#x92F;&#x905;&#x928;&#x94D;&#x924;&#x930;&#x93F;&#x915;&#x94D;&#x937; &#x905;&#x928;&#x94D;&#x935;&#x947;&#x937;&#x923; /</subfield>
    <subfield code="b">&#x915;&#x93E;&#x932;&#x940; &#x936;&#x902;&#x915;&#x930; &#x90F;&#x935;&#x902;&#x92E; &#x930;&#x93E;&#x915;&#x947;&#x936; &#x936;&#x941;&#x915;&#x94D;&#x932;&#x93E;</subfield>
    <subfield code="h">&#x930;&#x94B;&#x91A;&#x915; &#x90F;&#x902;&#x935; &#x915;&#x94C;&#x924;&#x942;&#x939;&#x932;&#x92A;&#x942;&#x930;&#x94D;&#x923; &#x930;&#x93F;&#x915;&#x949;&#x930;&#x94D;&#x921;</subfield>
  </datafield>
  <datafield tag="260" ind1=" " ind2=" ">
    <subfield code="a">&#x926;&#x93F;&#x932;&#x94D;&#x932;&#x940;</subfield>
    <subfield code="b">&#x930;&#x93E;&#x91C;&#x92A;&#x93E;&#x932;</subfield>
    <subfield code="c">2011</subfield>
  </datafield>
  <datafield tag="270" ind1=" " ind2=" ">
    <subfield code="b">&#x926;&#x93F;&#x932;&#x94D;&#x932;&#x940;</subfield>
    <subfield code="a">&#x915;&#x936;&#x94D;&#x92E;&#x940;&#x930;&#x940; &#x917;&#x947;&#x91F;</subfield>
    <subfield code="e">110006</subfield>
    <subfield code="m">www.rajpalpublishing.com</subfield>
  </datafield>
  <datafield tag="300" ind1="1" ind2=" ">
    <subfield code="a">176&#x92A;&#x943;.</subfield>
    <subfield code="c">22&#x938;&#x947;&#x92E;&#x940; (&#x938;&#x91C;&#x93F;&#x932;&#x94D;&#x926;)</subfield>
  </datafield>
  <datafield tag="650" ind1=" " ind2=" ">
    <subfield code="9">657</subfield>
  </datafield>
  <datafield tag="650" ind1=" " ind2=" ">
    <subfield code="9">34273</subfield>
  </datafield>
  <datafield tag="700" ind1=" " ind2=" ">
    <subfield code="9">39143</subfield>
    <subfield code="a">&#x936;&#x941;&#x915;&#x94D;&#x932;&#x93E;,&#x930;&#x93E;&#x915;&#x947;&#x936; </subfield>
  </datafield>
  <datafield tag="710" ind1=" " ind2=" ">
    <subfield code="9">34811</subfield>
  </datafield>
  <datafield tag="710" ind1=" " ind2=" ">
    <subfield code="9">35049</subfield>
  </datafield>
  <datafield tag="942" ind1=" " ind2=" ">
    <subfield code="2">ddc</subfield>
    <subfield code="c">HN</subfield>
    <subfield code="m">&#x915;&#x93E;&#x932;&#x940;&#x936;&#x902;</subfield>
    <subfield code="h">520</subfield>
  </datafield>
  <datafield tag="999" ind1=" " ind2=" ">
    <subfield code="c">60879</subfield>
    <subfield code="d">60879</subfield>
  </datafield>
  <datafield tag="952" ind1=" " ind2=" ">
    <subfield code="0">0</subfield>
    <subfield code="1">0</subfield>
    <subfield code="2">ddc</subfield>
    <subfield code="4">0</subfield>
    <subfield code="7">1</subfield>
    <subfield code="8">NFIC</subfield>
    <subfield code="a">DBAD</subfield>
    <subfield code="b">DBAD</subfield>
    <subfield code="d">2012-01-13</subfield>
    <subfield code="e">DBAD/PUB</subfield>
    <subfield code="g">225.00</subfield>
    <subfield code="l">0</subfield>
    <subfield code="o">520 &#x915;&#x93E;&#x932;&#x940;&#x936;&#x902;</subfield>
    <subfield code="p">HN-67533</subfield>
    <subfield code="r">2012-01-13 00:00:00</subfield>
    <subfield code="t">1</subfield>
    <subfield code="v">225.00</subfield>
    <subfield code="w">2012-01-13</subfield>
    <subfield code="y">HN</subfield>
  </datafield>
</record>
